000 00616nam a22002057a 4500
003 koha_MIRAKIL
005 20231213095934.0
008 231213b |||||||| |||| 00| 0 ||| d
020 _b978-6-05-428222-7
040 _aTR-IsEVY
_btur
_cTR-IsEVY
082 _a371.4 OKU
100 _aAsım Çivitci...[ve öte].
245 0 _aOkullarda akılcı-duygusal davranış terapisine dayalı uygulamalar
_bkavramlar, teknikler ve örenek etkinlikler
250 _a2. bs.
260 _bPegem Akademi,
_c2014
300 _a199 s.
650 _aBehavior theraphy.
650 _aBilişsel psikoloji.
942 _2ddc
_cBK
999 _c11889
_d11889